TV Shows: Change a Letter Quiz Stats

Quiz Updated Aug 9, 2016

Challenge
Share
Tweet
Embed
Score 0/16 Timer 08:00
0 Plays Today
Hint Retitled Show % Correct

A drama about a rodent physician who walks with a cane and plays by his own rules

Mouse, M.D.
84.3%

A show about a female chicken who must cope with the demands of a 1960s New York advertising agency

Mad Hen
77.4%

A show about a group of nerdy insect-scientists who love Star Trek and kite fighting

The Bug Bang Theory
71.5%

A mockumentary-style comedy about a mid-level bureaucrat terrier who wants to build a community park in her small town

Barks and Recreation
64.7%

A comedy that follows 4 witches exploring Manhattan's dating scene, casting spells on prospective love interests

Hex and the City
63%

A story of two Harlem youth who are adopted by a family of white bowling aces. What 'choo talkin about a spare?

Diff'rent Strikes
62.3%

An action/drama about a rebel group of Californian motorcycle-riding female pigs

Sows of Anarchy
61.3%

A '70s family drama documenting the life of a miniature equine whose last name is Ingalls

Little Horse on the Prairie
61.2%
Hint Retitled Show % Correct

A comedy about a church-bench that goes through a breakup and moves into an apartment with 3 male roommates

Pew Girl
58.9%

An American political drama, set in an infested section of the White House

The Pest Wing
57.9%

A '90s comedy about a man who stars in a TV show about renovating the roofs of certain football/baseball stadiums

Dome Improvement
49.4%

A Massachusetts time-telling device learns to cope with her ability to cast spells on other teenagers

Sabrina, the Teenage Watch
43%

A pseudo reality show about reproductive plant cells that fixate on spray tans, hair gel and beach bodies

Jersey Spore
39.7%

Agent Dale Cooper must solve the mystery concerning a couple of dripping pipes

Twin Leaks
39.6%

A show about two ole English poets who manipulate their way into the White House

House of Bards
38.5%

A British comedy about a man, his wife and their two employees who clumsily manage a grass-cutting device

Fawlty Mowers
38.3%

You're not logged in!

Compare scores with friends on all Sporcle quizzes.
Sign Up with Email
OR
Log In

You Might Also Like...

Show Comments

Extras

Top Quizzes Today


Score Distribution

Your Account Isn't Verified!

In order to create a playlist on Sporcle, you need to verify the email address you used during registration. Go to your Sporcle Settings to finish the process.